000 00643cam a2200205 a 4500
020 _a9781597180962
020 _a1597180963
040 _cDLC
082 _a330 STA 2011 A013 Or.
245 0 0 _aStata longitudinal-data/panel-data reference manual :
_brelease 12.
246 1 4 _aStata release 12 : longitudinal data/panel data
246 1 8 _aStata 12 : longitudinal data/panel data
260 _aCollege Station, Tex. :
_bStataCorp LP,
_cc2011.
300 _aiii, 570 p. :
_bill. ;
_c24 cm.
500 _a"A Stata Press publication."
650 0 _aLongitudinal method
650 0 _aPanel analysis
710 2 _aStataCorp LP.
942 _cEK
999 _c13321
_d13321